000 01198nam a2200229Ia 4500
001 L912-40889
003 IT-CnALBA
008 170116s9999||||xx |||||||||||||| ||und||
040 _aIT-CnALBA
_cIT-CnALBA
041 _aITALIANO
100 _aNERI UMBERTO
245 0 _aNUOVO ATLANTE SCOLASTICO.
250 _a2a ed.
260 _aMILANO
_bFABBRI FRATELLI EDITORI
_c1971 [1° Ed.:1966 - Ed.Ling.Originale: 1966]
300 _a108 p.
500 _aPREFAZIONE. INDICE TAVOLE. SEGNI CONVENZIONALI. INDICE ONOMASTICO. ITALIA. EUROPA. ASIA. AFRICA AMERICHE. OCEANIA E REGIONI POLARI. EMISFERI. PLANISFERO POLITICO E COMUNICAZIONI. CARTE TOPOGRAFICHE. CARTE GEOGRAFICHE. SISTEMA SOLARE. LA TERRA IN CIFRE. RE
501 _aSocietà San Paolo EM - Piazza San Paolo, 14 - 12051 ALBA (CN) (non commercial uses only) ® Copyright 2017
520 _aPREFAZIONE. INDICE TAVOLE. SEGNI CONVENZIONALI. INDICE ONOMASTICO. ITALIA. EUROPA. ASIA. AFRICA AMERICHE. OCEANIA E REGIONI POLARI. EMISFERI. PLANISFERO POLITICO E COMUNICAZIONI. CARTE TOPOGRAFICHE. CARTE GEOGRAFICHE. SISTEMA SOLARE. LA TERRA IN CIFRE. RE
650 _aCARTE GEOGR.- ESPLORAZIONI E TURISMO
942 _cBK
957 _71
999 _a45977
_bNO
_g Copie: 1
_c299857
_d299857